LEADER 00506nas a2200157 i 4500 001 000000131085 003 CaOOAMICUS 005 20041110000000.0 008 041110b it uu u0 0ita r 013 $a103942 040 $aSeMil$bita 245 10$aTitolo mancante. 773 0 $tGiornale dantesco.$dFirenze : Leo S. Olschki, 1893-1915.$w()2324 850 $aSeMil 852 $aSeMil$W1$xVenegono$y1$m88 6 1-7$j85079$B85079$CSeMilBibl$Z2$F88717 $82 996 $6245$aTitolo mancante$9(OLS)http://semarc/title/46445 LEADER 00902nab a2200145 i 4500 001 000000289576 003 CaOOAMICUS 005 20160905000000.0 008 160905n xx uu u0 0und r 013 $a44288 040 $aSeMil$bita 245 13$aAn Anthropological Reading of the Notion of Possession in John ; Inventing Tradition in Thessalonica :$bThe Appropriation of the Past in 1 Thessalonians 2:14-16 ; ... ; A Brief History of the Bible in English Political Discourse ... - Tit. dalla cop. 500 $aAugust 2016. 773 0 $t[2016].$dThousand Oaks (California) : SAGE Publications, copyr. 2016.$w()248131 996 $6245$aAn Anthropological Reading of the Notion of Possession in John ; Inventing Tradition in Thessalonica :$bThe Appropriation of the Past in 1 Thessalonians 2:14-16 ; ... ; A Brief History of the Bible in English Political Discourse ... - Tit. dalla cop.$9(OLS)http://semarc/title/368675